History of India Part-I (For Law Student) (Record no. 6394)

MARC details
000 -LEADER
fixed length control field 00417nam a22001697a 4500
005 - DATE AND TIME OF LATEST TRANSACTION
control field 20210904113744.0
008 - FIXED-LENGTH DATA ELEMENTS--GENERAL INFORMATION
fixed length control field 200521b xxu||||| |||| 00| 0 eng d
020 ## - INTERNATIONAL STANDARD BOOK NUMBER
ISBN 9789388206372
041 ## - LANGUAGE CODE
Language code of text/sound track or separate title eng
082 ## - DEWEY DECIMAL CLASSIFICATION NUMBER
Classification number 954 MUR
100 ## - MAIN ENTRY--AUTHOR NAME
Personal name Murthy HV Sreenivasa
245 ## - TITLE STATEMENT
Title History of India Part-I (For Law Student)
260 ## - PUBLICATION, DISTRIBUTION, ETC. (IMPRINT)
Place of publication Lucknow
Name of publisher EBC
Year of publication 2019
300 ## - PHYSICAL DESCRIPTION
Number of Pages 293p.
650 ## - SUBJECT ADDED ENTRY--TOPICAL TERM
Topical Term History
942 ## - ADDED ENTRY ELEMENTS (KOHA)
Koha item type Books
Holdings
Lost status Damaged status Collection code Home library Current library Shelving location Date acquired Source of acquisition Cost, normal purchase price Full call number Accession Number Koha item type
    LAW JRU Library JRU Library SHELF-30-A 02/06/2020 PURCHASE 345.00 954 MUR 24240 Books
    LAW JRU Library JRU Library SHELF-30-A 02/06/2020 PURCHASE 345.00 954 MUR 24241 Books
    LAW JRU Library JRU Library SHELF-30-A 02/06/2020 PURCHASE 345.00 954 MUR 24242 Books
    LAW JRU Library JRU Library SHELF-30-A 02/06/2020 PURCHASE 345.00 954 MUR 24243 Books
    Reference JRU Library JRU Library SHELF-1-A 02/06/2020 PURCHASE 345.00 954 MUR 24244 Books